[Event "DSJ Weihnachtsturnier U20w 2020"]
[Site "https://play.chessbase.com/en/play?room=DSJWeihnachtU20w"]
[Date "2020.12.29"]
[Round "3"]
[White "Genova, Magdalina"]
[Black "Wagner, Lea"]
[Result "1-0"]
[Termination "time forfeit"]
[Board "4.4"]
[WhiteElo "1341"]
[BlackElo "757"]
[WhiteTeam "Hamburger SK von 1830"]
[BlackTeam "VSG 1880 Offenbach"]
[PlyCount "71"]
[WhiteFideId "2919753"]
[BlackFideId "34620680"]
[EventRounds "7"]
[EventType "team-swiss"]
[EventDate "2020.12.29"]

1. c4 {[%emt 0:00:06]} e5 {[%emt 0:00:17]} 2. Nc3 {[%emt 0:00:03]} Bb4 { [%emt
0:00:22]} 3. g3 {[%emt 0:00:46]} d5 {[%emt 0:00:18]} 4. Nxd5 {[%emt 0:00: 25]}
Be7 {[%emt 0:01:06]} 5. Bg2 {[%emt 0:00:24]} c6 {[%emt 0:00:04]} 6. Nc3 { [%emt
0:00:07]} Bb4 {[%emt 0:00:14]} 7. Qc2 {[%emt 0:00:24]} Bxc3 {[%emt 0:00: 21]}
8. Qxc3 {[%emt 0:00:11]} f6 {[%emt 0:00:20]} 9. Nf3 {[%emt 0:00:11]} Bg4 {
[%emt 0:00:27]} 10. O-O {[%emt 0:00:14]} Ne7 {[%emt 0:00:25]} 11. b3 {[%emt 0:
00:09]} O-O {[%emt 0:00:18]} 12. Ba3 {[%emt 0:00:31]} Nd7 {[%emt 0:00:13]} 13.
Rad1 {[%emt 0:00:06]} c5 {[%emt 0:00:05]} 14. b4 {[%emt 0:01:34]} b6 {[%emt 0:
00:30]} 15. Bb2 {[%emt 0:01:25]} Rc8 {[%emt 0:00:57]} 16. h3 {[%emt 0:00:22]}
Bxf3 {[%emt 0:00:18]} 17. Bxf3 {[%emt 0:00:02]} Ng6 {[%emt 0:00:40]} 18. Bd5+ {
[%emt 0:00:24]} Kh8 {[%emt 0:00:13]} 19. bxc5 {[%emt 0:00:17]} Rxc5 {[%emt 0:
00:06]} 20. Ba3 {[%emt 0:00:08]} Rxd5 {[%emt 0:00:50]} 21. cxd5 {[%emt 0:00:02]
} Re8 {[%emt 0:00:31]} 22. e4 {[%emt 0:00:14]} Ne7 {[%emt 0:00:32]} 23. Rc1 {
[%emt 0:00:18]} f5 {[%emt 0:00:21]} 24. d3 {[%emt 0:00:06]} fxe4 {[%emt 0:00:
21]} 25. dxe4 {[%emt 0:00:00]} Nf6 {[%emt 0:00:11]} 26. f3 {[%emt 0:00:07]} b5
{[%emt 0:00:18]} 27. Rc2 {[%emt 0:00:22]} Qb6+ {[%emt 0:00:09]} 28. Qc5 { [%emt
0:00:09]} Qxc5+ {[%emt 0:00:09]} 29. Rxc5 {[%emt 0:00:03]} Rb8 {[%emt 0:
00:06]} 30. Rc7 {[%emt 0:00:25]} Ng6 {[%emt 0:00:08]} 31. Rfc1 {[%emt 0:00:28]}
Ne8 {[%emt 0:00:03]} 32. Rc8 {[%emt 0:00:03]} Rxc8 {[%emt 0:00:02]} 33. Rxc8 {
[%emt 0:00:00]} h6 {[%emt 0:00:05]} 34. Rxe8+ {[%emt 0:00:02]} Kh7 {[%emt 0:00:
01]} 35. d6 {[%emt 0:00:05]} h5 {[%emt 0:00:06]} 36. d7 {[%emt 0:00:02] TimeB}
1-0

[Event "DSJ Weihnachtsturnier U20w 2020"]
[Site "https://play.chessbase.com/en/play?room=DSJWeihnachtU20w"]
[Date "2020.12.29"]
[Round "3"]
[White "Roncea, Andrea-Alexandra"]
[Black "Lange, Cecilia"]
[Result "1/2-1/2"]
[Termination "normal"]
[Board "5.1"]
[WhiteElo "1619"]
[BlackElo "1965"]
[WhiteTeam "SC Papenburg"]
[BlackTeam "TSG Oberschöneweide"]
[PlyCount "144"]
[WhiteFideId "16233115"]
[BlackFideId "12976040"]
[EventRounds "7"]
[EventType "team-swiss"]
[EventDate "2020.12.29"]

1. e4 {[%emt 0:00:04]} e6 {[%emt 0:00:01]} 2. d4 {[%emt 0:00:03]} d5 {[%emt 0:
00:02]} 3. e5 {[%emt 0:00:00]} c5 {[%emt 0:00:02]} 4. c3 {[%emt 0:00:00]} Nc6 {
[%emt 0:00:03]} 5. Nf3 {[%emt 0:00:00]} Be7 {[%emt 0:00:04]} 6. a3 {[%emt 0:00:
04]} f6 {[%emt 0:00:09]} 7. b4 {[%emt 0:00:10]} cxd4 {[%emt 0:00:08]} 8. cxd4 {
[%emt 0:00:00]} Qc7 {[%emt 0:00:05]} 9. Bf4 {[%emt 0:00:10]} a6 {[%emt 0:00:10]
} 10. Bd3 {[%emt 0:00:21]} Bd7 {[%emt 0:00:12]} 11. O-O {[%emt 0:00:04]} fxe5 {
[%emt 0:00:43]} 12. dxe5 {[%emt 0:00:06]} a5 {[%emt 0:00:25]} 13. b5 {[%emt 0:
00:08]} Na7 {[%emt 0:00:08]} 14. a4 {[%emt 0:00:06]} Nc8 {[%emt 0:00:08]} 15.
Nbd2 {[%emt 0:00:06]} Nb6 {[%emt 0:00:05]} 16. Rc1 {[%emt 0:00:08]} Qd8 { [%emt
0:00:08]} 17. Re1 {[%emt 0:00:09]} Bb4 {[%emt 0:00:18]} 18. Ng5 {[%emt 0:
00:14]} Nh6 {[%emt 0:00:28]} 19. Qh5+ {[%emt 0:00:21]} Kf8 {[%emt 0:00:36]} 20.
Nh3 {[%emt 0:01:02]} Be8 {[%emt 0:00:41]} 21. Qf3 {[%emt 0:00:12]} Bf7 { [%emt
0:00:11]} 22. Bg5 {[%emt 0:00:41]} Qd7 {[%emt 0:00:16]} 23. Qf4 {[%emt 0:
00:16]} Ng8 {[%emt 0:00:23]} 24. Re3 {[%emt 0:00:11]} Bxd2 {[%emt 0:00:06]} 25.
Rd1 {[%emt 0:00:22]} Bxe3 {[%emt 0:00:06]} 26. fxe3 {[%emt 0:00:05]} h6 { [%emt
0:00:13]} 27. Bh4 {[%emt 0:00:16]} Rc8 {[%emt 0:00:50]} 28. Rf1 {[%emt 0:
00:07]} Nc4 {[%emt 0:00:35]} 29. Bg6 {[%emt 0:00:07]} Rc7 {[%emt 0:00:13]} 30.
Bd8 {[%emt 0:00:31]} Qxd8 {[%emt 0:00:50]} 31. Bxf7 {[%emt 0:00:04]} Nf6 {
[%emt 0:00:35]} 32. Bg6 {[%emt 0:00:11]} Kg8 {[%emt 0:00:17]} 33. exf6 { [%emt
0:00:04]} Qxf6 {[%emt 0:00:04]} 34. Qxc7 {[%emt 0:00:12]} Qxg6 {[%emt 0:
00:06]} 35. Nf4 {[%emt 0:00:14]} Qe4 {[%emt 0:00:14]} 36. Qc8+ {[%emt 0:00:17]}
Kh7 {[%emt 0:00:02]} 37. Qxe6 {[%emt 0:00:02]} Qxe3+ {[%emt 0:00:14]} 38. Qxe3
{[%emt 0:00:04]} Nxe3 {[%emt 0:00:01]} 39. Re1 {[%emt 0:00:02]} d4 {[%emt 0:00:
14]} 40. Ne6 {[%emt 0:00:10]} Nc2 {[%emt 0:00:14]} 41. Rd1 {[%emt 0:00:11]} Re8
{[%emt 0:00:17]} 42. Nc5 {[%emt 0:00:26]} Re7 {[%emt 0:00:07]} 43. Rd2 { [%emt
0:00:11]} Nb4 {[%emt 0:00:23]} 44. Rxd4 {[%emt 0:00:08]} b6 {[%emt 0:00: 01]
Obersch1-001 offers a draw} 45. Nb3 {[%emt 0:00:26]} Re3 {[%emt 0:00:04]} 46.
Nd2 {[%emt 0:00:06]} Ra3 {[%emt 0:00:03]} 47. Rd6 {[%emt 0:00:09]} Rxa4 { [%emt
0:00:01]} 48. Rxb6 {[%emt 0:00:01]} Nd5 {[%emt 0:00:01]} 49. Ra6 { [%emt
0:00:04]} Nc7 {[%emt 0:00:04]} 50. Rb6 {[%emt 0:00:03]} Rb4 {[%emt 0:00: 02]}
51. Kf2 {[%emt 0:00:34]} Rxb5 {[%emt 0:00:02]} 52. Rxb5 {[%emt 0:00:05]} Nxb5
{[%emt 0:00:01]} 53. Nb3 {[%emt 0:00:02]} a4 {[%emt 0:00:02]} 54. Na1 { [%emt
0:00:05]} Kg6 {[%emt 0:00:01]} 55. Ke3 {[%emt 0:00:01]} Kf5 {[%emt 0:00: 02]}
56. h3 {[%emt 0:00:04]} Ke5 {[%emt 0:00:01]} 57. Kd3 {[%emt 0:00:03]} Kf4
{[%emt 0:00:02]} 58. Kc4 {[%emt 0:00:09]} Nd6+ {[%emt 0:00:01]} 59. Kd5 { [%emt
0:00:07]} Ne4 {[%emt 0:00:04]} 60. Kd4 {[%emt 0:00:14]} Nf6 {[%emt 0:00: 06]}
61. g4 {[%emt 0:00:11]} Kg3 {[%emt 0:00:01]} 62. Ke5 {[%emt 0:00:01]} Kxh3
{[%emt 0:00:01]} 63. Kf5 {[%emt 0:00:03]} Nxg4 {[%emt 0:00:02]} 64. Kg6 { [%emt
0:00:01]} h5 {[%emt 0:00:04]} 65. Kxh5 {[%emt 0:00:05]} Ne3 {[%emt 0:00: 02]}
66. Kg6 {[%emt 0:00:01]} Kg3 {[%emt 0:00:03]} 67. Kxg7 {[%emt 0:00:01]} Kf3
{[%emt 0:00:01]} 68. Kf6 {[%emt 0:00:01]} Ke2 {[%emt 0:00:01]} 69. Ke5 { [%emt
0:00:04]} Kd2 {[%emt 0:00:01]} 70. Kd4 {[%emt 0:00:02]} Kc1 {[%emt 0:00: 01]}
71. Kxe3 {[%emt 0:00:06]} Kb2 {[%emt 0:00:02]} 72. Kd2 {[%emt 0:00:03]} Kxa1
{[%emt 0:00:01] Obersch1-001 offers a draw Arbiter Decision (Draw by material),
result=1} 1/2-1/2

[Event "DSJ Weihnachtsturnier U20w 2020"]
[Site "https://play.chessbase.com/en/play?room=DSJWeihnachtU20w"]
[Date "2020.12.29"]
[Round "3"]
[White "Lorenz, Veronika"]
[Black "Zöllner, Bente"]
[Result "0-1"]
[Termination "normal"]
[Board "5.2"]
[WhiteElo "1336"]
[BlackElo "1614"]
[WhiteTeam "TSG Oberschöneweide"]
[BlackTeam "SC Papenburg"]
[PlyCount "67"]
[WhiteFideId "16277406"]
[BlackFideId "16230523"]
[EventRounds "7"]
[EventType "team-swiss"]
[EventDate "2020.12.29"]

1. e4 {[%emt 0:00:06]} c5 {[%emt 0:00:03]} 2. Nf3 {[%emt 0:00:04]} Nc6 { [%emt
0:00:03]} 3. d4 {[%emt 0:00:04]} cxd4 {[%emt 0:00:02]} 4. Nxd4 {[%emt 0:
00:05]} Nf6 {[%emt 0:00:03]} 5. Nc3 {[%emt 0:00:03]} e5 {[%emt 0:00:03]} 6. Nf5
{[%emt 0:00:35]} d6 {[%emt 0:00:14]} 7. Bc4 {[%emt 0:00:33]} Nxe4 {[%emt 0:00:
33]} 8. Nxe4 {[%emt 0:00:31]} Bxf5 {[%emt 0:00:07]} 9. Ng3 {[%emt 0:00:40]} Bg6
{[%emt 0:00:18]} 10. O-O {[%emt 0:00:18]} Nd4 {[%emt 0:00:39]} 11. c3 {[%emt 0:
00:13]} Nc2 {[%emt 0:00:18]} 12. Rb1 {[%emt 0:00:07]} Na3 {[%emt 0:00:40]} 13.
bxa3 {[%emt 0:00:47]} Bxb1 {[%emt 0:00:04]} 14. Bb5+ {[%emt 0:00:30]} Ke7 {
[%emt 0:00:07]} 15. Nf5+ {[%emt 0:01:10]} Bxf5 {[%emt 0:00:11]} 16. Qd5 { [%emt
0:00:34]} Qc7 {[%emt 0:00:27]} 17. Bc4 {[%emt 0:00:16]} Be6 {[%emt 0:00: 06]}
18. Bg5+ {[%emt 0:00:06]} Kd7 {[%emt 0:00:07]} 19. Bb5+ {[%emt 0:00:21]} Kc8
{[%emt 0:00:08]} 20. Qe4 {[%emt 0:00:31]} Be7 {[%emt 0:00:06]} 21. Be3 { [%emt
0:00:35]} f5 {[%emt 0:01:17]} 22. Qa4 {[%emt 0:00:14]} a6 {[%emt 0:00:18] } 23.
Be2 {[%emt 0:00:21]} b5 {[%emt 0:00:42]} 24. Qc2 {[%emt 0:00:18]} Kd7 { [%emt
0:00:09]} 25. Rc1 {[%emt 0:00:39]} Rac8 {[%emt 0:00:13]} 26. c4 {[%emt 0:
00:25]} bxc4 {[%emt 0:00:11]} 27. Qa4+ {[%emt 0:00:02]} Qc6 {[%emt 0:00:08]}
28. Qa5 {[%emt 0:00:06]} c3 {[%emt 0:00:38]} 29. Bxa6 {[%emt 0:00:34]} Ra8 {
[%emt 0:00:14]} 30. Rxc3 {[%emt 0:00:04]} Rxa6 {[%emt 0:00:29]} 31. Rxc6 {
[%emt 0:00:05]} Rxa5 {[%emt 0:00:01]} 32. Rc1 {[%emt 0:00:02]} Rb8 {[%emt 0:00:
06]} 33. Bd2 {[%emt 0:00:02]} Rxa3 {[%emt 0:00:03]} 34. Bb4 {[%emt 0:00:01]}
0-1

[Event "DSJ Weihnachtsturnier U20w 2020"]
[Site "https://play.chessbase.com/en/play?room=DSJWeihnachtU20w"]
[Date "2020.12.29"]
[Round "3"]
[White "Evering, Enna"]
[Black "Fock, Madiha"]
[Result "1/2-1/2"]
[Termination "normal"]
[Board "5.3"]
[WhiteElo "1568"]
[BlackElo "1278"]
[WhiteTeam "SC Papenburg"]
[BlackTeam "TSG Oberschöneweide"]
[PlyCount "93"]
[WhiteFideId "16218213"]
[BlackFideId "16253574"]
[EventRounds "7"]
[EventType "team-swiss"]
[EventDate "2020.12.29"]

1. e4 {[%emt 0:00:06]} d5 {[%emt 0:00:02]} 2. exd5 {[%emt 0:00:03]} Qxd5 {
[%emt 0:00:02]} 3. Nc3 {[%emt 0:00:02]} Qd6 {[%emt 0:00:02]} 4. d4 {[%emt 0:00:
03] Obersch1-003 reconnected.} c6 {[%emt 0:00:30]} 5. Nf3 {[%emt 0:00:20]} Bg4
{[%emt 0:00:04]} 6. Be3 {[%emt 0:00:16]} e6 {[%emt 0:00:07]} 7. Be2 {[%emt 0:
00:03]} Nf6 {[%emt 0:00:03]} 8. O-O {[%emt 0:00:03]} Qc7 {[%emt 0:00:01]} 9. h3
{[%emt 0:00:02]} Bh5 {[%emt 0:00:02]} 10. Ne5 {[%emt 0:00:07]} Bxe2 {[%emt 0:
00:03]} 11. Qxe2 {[%emt 0:00:04]} Bd6 {[%emt 0:00:01]} 12. Bg5 {[%emt 0:00:18]}
Nbd7 {[%emt 0:00:15]} 13. Bxf6 {[%emt 0:00:22]} Nxf6 {[%emt 0:00:03]} 14. Rad1
{[%emt 0:00:05]} O-O {[%emt 0:00:08]} 15. Rfe1 {[%emt 0:00:02]} Rad8 {[%emt 0:
00:04]} 16. Ne4 {[%emt 0:00:14]} Be7 {[%emt 0:00:17]} 17. c3 {[%emt 0:00:22]}
Nxe4 {[%emt 0:00:45]} 18. Qxe4 {[%emt 0:00:03]} Bf6 {[%emt 0:00:03]} 19. Re3 {
[%emt 0:00:34]} Bxe5 {[%emt 0:00:16]} 20. Qxe5 {[%emt 0:00:07]} Qxe5 {[%emt 0:
00:02]} 21. Rxe5 {[%emt 0:00:02]} Rd5 {[%emt 0:00:04]} 22. Rde1 {[%emt 0:00:07]
} Rfd8 {[%emt 0:00:13]} 23. Kf1 {[%emt 0:00:22]} Rxe5 {[%emt 0:00:04]} 24. Rxe5
{[%emt 0:00:03]} Rd5 {[%emt 0:00:02]} 25. Rxd5 {[%emt 0:00:06]} cxd5 {[%emt 0:
00:01]} 26. Ke2 {[%emt 0:00:01]} Kf8 {[%emt 0:00:01]} 27. Kd2 {[%emt 0:00:04]}
Ke7 {[%emt 0:00:01]} 28. Kc2 {[%emt 0:00:01]} Kd6 {[%emt 0:00:01]} 29. Kb3 {
[%emt 0:00:01]} f6 {[%emt 0:00:02]} 30. Kb4 {[%emt 0:00:06]} Kc6 {[%emt 0:00:
03]} 31. c4 {[%emt 0:00:06]} dxc4 {[%emt 0:00:07]} 32. Kxc4 {[%emt 0:00:02]}
b5+ {[%emt 0:00:06]} 33. Kb4 {[%emt 0:00:11]} Kb6 {[%emt 0:00:12]} 34. b3 {
[%emt 0:00:11]} a5+ {[%emt 0:00:02]} 35. Kc3 {[%emt 0:00:02]} Kc6 {[%emt 0:00:
07]} 36. a4 {[%emt 0:00:05]} bxa4 {[%emt 0:00:08]} 37. bxa4 {[%emt 0:00:03]}
Kd5 {[%emt 0:00:02]} 38. f3 {[%emt 0:00:09]} e5 {[%emt 0:00:09]} 39. dxe5 {
[%emt 0:00:10]} fxe5 {[%emt 0:00:00]} 40. Kd3 {[%emt 0:00:06]} g6 {[%emt 0:00:
10]} 41. g3 {[%emt 0:00:04]} g5 {[%emt 0:01:00]} 42. h4 {[%emt 0:00:19]} h6 {
[%emt 0:00:16]} 43. h5 {[%emt 0:00:10]} Kc5 {[%emt 0:00:08]} 44. Kc3 {[%emt 0:
00:03]} Kd5 {[%emt 0:00:04]} 45. Kd3 {[%emt 0:00:09]} Kc5 {[%emt 0:00:10]} 46.
Kc3 {[%emt 0:00:19]} Kd5 {[%emt 0:00:03]} 47. Kd3 {[%emt 0:00:01]} 1/2-1/2

[Event "DSJ Weihnachtsturnier U20w 2020"]
[Site "https://play.chessbase.com/en/play?room=DSJWeihnachtU20w"]
[Date "2020.12.29"]
[Round "3"]
[White "Leongardt, Adel"]
[Black "Evering, Kira"]
[Result "0-1"]
[Termination "normal"]
[Board "5.4"]
[WhiteElo "1157"]
[BlackElo "1386"]
[WhiteTeam "TSG Oberschöneweide"]
[BlackTeam "SC Papenburg"]
[PlyCount "114"]
[WhiteFideId "16256549"]
[BlackFideId "16218221"]
[EventRounds "7"]
[EventType "team-swiss"]
[EventDate "2020.12.29"]

1. e4 { [%emt 0:05:27] Obersch1-004 kibitzing!?} e6 {[%emt 0:00:04]
Obersch1-004 kibitzing!?} 2. d4 {[%emt 0:00:13]} d5 {[%emt 0:00:03]} 3. exd5
{[%emt 0:00:03] Obersch1-004 kibitzing!?} exd5 {[%emt 0:00:05] Obersch1-004
kibitzing!?} 4. Nf3 {[%emt 0:00:18] Obersch1-004 kibitzing!?} Bd6 {[%emt
0:00:18] Obersch1-004 kibitzing!?} 5. c4 {[%emt 0:00:14] Obersch1-004
kibitzing!?} Qe7+ {[%emt 0:00: 51] Obersch1-004 kibitzing!?} 6. Be3 {[%emt
0:00:09] Obersch1-004 kibitzing!?} Nf6 {[%emt 0:00:15]} 7. cxd5 {[%emt
0:00:03]} Nxd5 {[%emt 0:00:08] Obersch1-004 kibitzing!?} 8. Nc3 {[%emt 0:00:04]
Obersch1-004 kibitzing!?} Nxe3 {[%emt 0:00:06] Obersch1-004 kibitzing!?} 9.
fxe3 {[%emt 0:00:04]} Qxe3+ { [%emt 0:00:03]} 10. Qe2 {[%emt 0:00:02]} Qxe2+
{[%emt 0:00:10]} 11. Bxe2 { [%emt 0:00:03]} O-O {[%emt 0:00:05] Obersch1-004
kibitzing!?} 12. O-O {[%emt 0: 00:11] Obersch1-004 kibitzing!?} Bf5 {[%emt
0:00:11] Obersch1-004 kibitzing!?} 13. Nd2 {[%emt 0:00:27] Obersch1-004
kibitzing!?} Bg6 {[%emt 0:00:16] Obersch1-004 kibitzing!?} 14. Nde4 {[%emt
0:00:08] Obersch1-004 kibitzing!?} Re8 {[%emt 0:00:18] Obersch1-004
kibitzing!?} 15. Nxd6 {[%emt 0:00:05] Obersch1-004 kibitzing!?} cxd6 {[%emt
0:00:06] Obersch1-004 kibitzing!?} 16. Bf3 {[%emt 0:00:27] Obersch1-004
kibitzing!?} Nc6 {[%emt 0:00:46] Obersch1-004 kibitzing!?} 17. Nb5 {[%emt
0:00:08] Obersch1-004 kibitzing!?} Red8 {[%emt 0: 00:53] Obersch1-004
kibitzing!?} 18. Rfe1 {[%emt 0:00:38] Obersch1-004 kibitzing!?} a6 {[%emt
0:00:06] Obersch1-004 kibitzing!?} 19. Bxc6 {[%emt 0:00: 19]} bxc6 {[%emt
0:00:11]} 20. Nc3 {[%emt 0:00:08]} Rab8 {[%emt 0:00:08]} 21. Re2 {[%emt
0:00:03]} Rb7 {[%emt 0:01:02]} 22. Rae1 {[%emt 0:00:13]} f6 { [%emt 0:00:22]}
23. d5 {[%emt 0:00:13]} cxd5 {[%emt 0:01:06]} 24. Nxd5 { [%emt 0:00:03]} Bf7
{[%emt 0:00:35]} 25. Ne7+ {[%emt 0:00:07]} Kf8 {[%emt 0:00: 18]} 26. Nf5 {[%emt
0:00:04]} Rbd7 {[%emt 0:00:41]} 27. Rd2 {[%emt 0:00:06]} Bxa2 {[%emt 0:00:04]}
28. Ra1 {[%emt 0:00:05]} Bc4 {[%emt 0:00:16]} 29. Rd4 { [%emt 0:00:10]} Bb5
{[%emt 0:00:04]} 30. Rad1 {[%emt 0:00:07]} d5 {[%emt 0:00: 10]} 31. Ne3 {[%emt
0:00:03]} Bc6 {[%emt 0:00:09]} 32. Ra1 {[%emt 0:00:05]} Bb5 {[%emt 0:00:06]}
33. Kf2 {[%emt 0:00:04]} Kf7 {[%emt 0:00:18]} 34. Kf3 { [%emt 0:00:03]} g6
{[%emt 0:00:08]} 35. Kf4 {[%emt 0:00:02]} Ke6 {[%emt 0:00: 05]} 36. h4 {[%emt
0:00:05]} h6 {[%emt 0:00:06]} 37. g4 {[%emt 0:00:03]} Be2 { [%emt 0:00:11]} 38.
g5 {[%emt 0:00:03]} hxg5+ {[%emt 0:00:11]} 39. hxg5 { [%emt 0:00:02]} fxg5+
{[%emt 0:00:04]} 40. Kxg5 {[%emt 0:00:03]} Kf7 {[%emt 0: 00:04]} 41. Rxa6
{[%emt 0:00:10]} Bxa6 {[%emt 0:00:02]} 42. Rf4+ {[%emt 0:00: 03]} Ke6 {[%emt
0:00:02]} 43. Rf6+ {[%emt 0:00:02]} Ke7 {[%emt 0:00:03]} 44. Rxa6 {[%emt
0:00:01]} Rg8 {[%emt 0:00:03]} 45. b4 {[%emt 0:00:05]} d4 {[%emt 0: 00:02]} 46.
Nc4 {[%emt 0:00:04]} d3 {[%emt 0:00:04]} 47. Nd2 {[%emt 0:00:03]} Rb7 {[%emt
0:00:02]} 48. Ra4 {[%emt 0:00:05] Obersch1-004 kibitzing!?} Rgb8 { [%emt
0:00:04]} 49. Kxg6 {[%emt 0:00:02]} Rxb4 {[%emt 0:00:02]} 50. Ra7+ { [%emt
0:00:01]} Kd6 {[%emt 0:00:01]} 51. Kf6 {[%emt 0:00:01]} Kd5 {[%emt 0:00: 01]}
52. Rd7+ {[%emt 0:00:01]} Kc5 {[%emt 0:00:02]} 53. Ke5 {[%emt 0:00:04]
Obersch1-004 kibitzing!?} Re8+ {[%emt 0:00:04]} 54. Kf6 {[%emt 0:00:03]} Rf4+ {
[%emt 0:00:02]} 55. Kg5 {[%emt 0:00:02]} Rf2 {[%emt 0:00:02]} 56. Rf7 {[%emt 0:
00:03]} Rg8+ {[%emt 0:00:02]} 57. Kh6 {[%emt 0:00:02]} Rh2# {[%emt 0:00:01]

[Event "DSJ Weihnachtsturnier U20w 2020"]
[Site "https://play.chessbase.com/en/play?room=DSJWeihnachtU20w"]
[Date "2020.12.29"]
[Round "3"]
[White "Ramien, Hannah"]
[Black "Ley, Sabrina"]
[Result "0-1"]
[Termination "normal"]
[Board "6.1"]
[WhiteElo "1396"]
[BlackElo "1866"]
[WhiteTeam "Schachgemeinschaft Porz"]
[BlackTeam "SC Landskrone"]
[PlyCount "106"]
[WhiteFideId "16209982"]
[BlackFideId "12938130"]
[EventRounds "7"]
[EventType "team-swiss"]
[EventDate "2020.12.29"]

1. e4 {[%emt 0:00:03]} d5 {[%emt 0:00:03]} 2. exd5 {[%emt 0:00:03]} Qxd5 {
[%emt 0:00:01]} 3. Nc3 {[%emt 0:00:02]} Qd6 {[%emt 0:00:01]} 4. d4 {[%emt 0:00:
09]} Nf6 {[%emt 0:00:12]} 5. Nf3 {[%emt 0:00:03]} a6 {[%emt 0:00:03]} 6. Bc4 {
[%emt 0:00:15]} b5 {[%emt 0:00:04]} 7. Bb3 {[%emt 0:00:07]} Bb7 {[%emt 0:00:03]
} 8. Be3 {[%emt 0:00:17]} e6 {[%emt 0:00:05]} 9. O-O {[%emt 0:00:06]} Nbd7 {
[%emt 0:00:02]} 10. Qe2 {[%emt 0:00:08]} c5 {[%emt 0:00:42]} 11. dxc5 {[%emt 0:
00:25]} Nxc5 {[%emt 0:00:04]} 12. Rad1 {[%emt 0:00:03]} Qc6 {[%emt 0:00:06]}
13. Rfe1 {[%emt 0:00:42]} Ng4 {[%emt 0:01:25]} 14. Bd4 {[%emt 0:01:08]} Rd8 {
[%emt 0:01:31]} 15. h3 {[%emt 0:00:51]} Nxb3 {[%emt 0:01:23]} 16. axb3 { [%emt
0:00:08]} Rxd4 {[%emt 0:01:02]} 17. Rxd4 {[%emt 0:00:09]} Nf6 {[%emt 0: 00:56]}
18. Qe5 {[%emt 0:02:34]} Bc5 {[%emt 0:01:20]} 19. Rd2 {[%emt 0:00:59]} O-O
{[%emt 0:00:10]} 20. Qg3 {[%emt 0:01:04]} b4 {[%emt 0:00:13]} 21. Ne5 { [%emt
0:00:34]} Qc8 {[%emt 0:00:51] Landskr1-001 offers a draw} 22. Na4 { [%emt
0:00:10]} Ne4 {[%emt 0:00:04]} 23. Qd3 {[%emt 0:00:13]} Nxd2 {[%emt 0:00: 04]}
24. Qxd2 {[%emt 0:00:02]} Ba7 {[%emt 0:00:05]} 25. Qg5 {[%emt 0:00:05]} f6
{[%emt 0:00:06]} 26. Qg3 {[%emt 0:00:09]} fxe5 {[%emt 0:00:01]} 27. Qxe5 {
[%emt 0:00:02]} Bd5 {[%emt 0:00:05]} 28. Re2 {[%emt 0:00:04]} Bb8 {[%emt 0:00:
03]} 29. Qe3 {[%emt 0:00:03]} Qc7 {[%emt 0:00:03]} 30. Kf1 {[%emt 0:00:12]} Qh2
{[%emt 0:00:01]} 31. Ke1 {[%emt 0:00:02]} Qg1+ {[%emt 0:00:01]} 32. Kd2 { [%emt
0:00:01]} Qxg2 {[%emt 0:00:01]} 33. Nc5 {[%emt 0:00:03]} Qf3 {[%emt 0:00: 02]}
34. Qxf3 {[%emt 0:00:02]} Bxf3 {[%emt 0:00:01]} 35. Re3 {[%emt 0:00:01]} Bf4
{[%emt 0:00:02] Porz4-001 offers a draw} 36. Nd3 {[%emt 0:00:03]} Bxe3+ { [%emt
0:00:02]} 37. Kxe3 {[%emt 0:00:02]} Bd5 {[%emt 0:00:01]} 38. Nc5 { [%emt
0:00:02]} a5 {[%emt 0:00:02]} 39. Na4 {[%emt 0:00:02]} Rf3+ {[%emt 0:00: 01]}
40. Ke2 {[%emt 0:00:01]} Rxh3 {[%emt 0:00:01]} 41. Kd2 {[%emt 0:00:02]} Rh2
{[%emt 0:00:01]} 42. Ke2 {[%emt 0:00:01]} g5 {[%emt 0:00:02]} 43. Kf1 { [%emt
0:00:01]} g4 {[%emt 0:00:02]} 44. Nc5 {[%emt 0:00:01]} g3 {[%emt 0:00:02] } 45.
fxg3 {[%emt 0:00:01]} Rxc2 {[%emt 0:00:01]} 46. Nd3 {[%emt 0:00:02]} Bxb3
{[%emt 0:00:03]} 47. Ke1 {[%emt 0:00:03]} Bc4 {[%emt 0:00:02]} 48. Nf2 { [%emt
0:00:02]} Rxb2 {[%emt 0:00:01]} 49. Ne4 {[%emt 0:00:01]} Re2+ {[%emt 0: 00:01]}
50. Kd1 {[%emt 0:00:01]} Rxe4 {[%emt 0:00:01]} 51. Kc1 {[%emt 0:00:01]} a4
{[%emt 0:00:01]} 52. Kb1 {[%emt 0:00:01]} a3 {[%emt 0:00:01]} 53. Ka1 { [%emt
0:00:01]} Re1# {[%emt 0:00:02]} 0-1

[Event "DSJ Weihnachtsturnier U20w 2020"]
[Site "https://play.chessbase.com/en/play?room=DSJWeihnachtU20w"]
[Date "2020.12.29"]
[Round "3"]
[White "Kalina, Lena"]
[Black "Sinner, Joselyne"]
[Result "1-0"]
[Termination "normal"]
[Board "6.2"]
[WhiteElo "1585"]
[BlackElo "1409"]
[WhiteTeam "SC Landskrone"]
[BlackTeam "Schachgemeinschaft Porz"]
[PlyCount "42"]
[WhiteFideId "12988014"]
[BlackFideId "16210387"]
[EventRounds "7"]
[EventType "team-swiss"]
[EventDate "2020.12.29"]

1. d4 {[%emt 0:00:02]} Nf6 {[%emt 0:00:06]} 2. c4 {[%emt 0:00:02]} g6 {[%emt 0:
00:02]} 3. Nf3 {[%emt 0:00:03]} d5 {[%emt 0:00:07]} 4. cxd5 {[%emt 0:00:04]}
Nxd5 {[%emt 0:00:02]} 5. e4 {[%emt 0:00:03]} Nf6 {[%emt 0:00:10]} 6. Nc3 {
[%emt 0:00:03]} Bg7 {[%emt 0:00:03]} 7. Bc4 {[%emt 0:00:11]} c5 {[%emt 0:00:53]
} 8. d5 {[%emt 0:00:39]} O-O {[%emt 0:01:09]} 9. O-O {[%emt 0:00:05]} a6 {
[%emt 0:00:42]} 10. a4 {[%emt 0:00:08]} Nbd7 {[%emt 0:00:16]} 11. e5 {[%emt 0:
01:02]} Ne8 {[%emt 0:00:23]} 12. e6 {[%emt 0:00:22]} fxe6 {[%emt 0:00:18]} 13.
dxe6 {[%emt 0:00:02]} Nb6 {[%emt 0:00:02]} 14. Qxd8 {[%emt 0:00:04]} Nd6 {
[%emt 0:00:24]} 15. Qxe7 {[%emt 0:00:16]} Nf5 {[%emt 0:00:13]} 16. Qxc5 { [%emt
0:00:18]} Nxc4 {[%emt 0:00:21]} 17. Qxc4 {[%emt 0:00:02]} Kh8 {[%emt 0: 00:08]}
18. Re1 {[%emt 0:00:26]} Nd6 {[%emt 0:00:05]} 19. Qd5 {[%emt 0:00:08]} Nf5
{[%emt 0:00:14]} 20. Bg5 {[%emt 0:00:24]} Bxe6 {[%emt 0:00:29]} 21. Qxe6 {
[%emt 0:00:12]} Rad8 {[%emt 0:00:36]} 1-0